000
00284nam a22001337a 4500
008
210430b ||||| |||| 00| 0 eng d
041
_a
eng
080
_a
82
082
_a
82
100
_a
21
101
_a
GJL
245
_a
The Inner Theatre of Recent
_c
Caws,M.A
942
_2
udc
_c
BK
999
_c
57063
_d
57063